Cargando…

The Graves County Boys : A Tale of Kentucky Basketball, Perseverance, and the Unlikely Championship of the Cuba Cubs /

In 1952, just one year after Coach Adolph Rupp's University of Kentucky Wildcats won their third national championship in four years, an unlikely high school basketball team from rural Graves County, Kentucky, stole the spotlight and the media's attention. Inspired by young coach Jack Stor...

Descripción completa

Detalles Bibliográficos
Autor principal: Walker, Marianne, 1933-
Formato: Electrónico eBook
Idioma:Inglés
Publicado: Lexington, KY : University Press of Kentucky, [2013]
Colección:Book collections on Project MUSE.
Temas:
Acceso en línea:Texto completo

MARC

LEADER 00000cam a22000004a 4500
001 musev2_26982
003 MdBmJHUP
005 20230905042848.0
006 m o d
007 cr||||||||nn|n
008 131014r20131999kyu o 00 0 eng d
020 |a 9780813144191 
020 |z 9780813144184 
020 |z 9780813143057 
035 |a (OCoLC)859836216 
040 |a MdBmJHUP  |c MdBmJHUP 
100 1 |a Walker, Marianne,  |d 1933- 
245 1 4 |a The Graves County Boys :   |b A Tale of Kentucky Basketball, Perseverance, and the Unlikely Championship of the Cuba Cubs /   |c Marianne Walker ; foreword by Joe B. Hall. 
264 1 |a Lexington, KY :  |b University Press of Kentucky,  |c [2013] 
264 3 |a Baltimore, Md. :  |b Project MUSE,   |c 2013 
264 4 |c ©[2013] 
300 |a 1 online resource (262 pages). 
336 |a text  |b txt  |2 rdacontent 
337 |a computer  |b c  |2 rdamedia 
338 |a online resource  |b cr  |2 rdacarrier 
500 |a Originally published: Nashville, TN : Rutledge Hill Press, 1999. 
500 |a Previously titled: When Cuba conquered Kentucky, 1999. 
505 0 |a The Cuba Cubs -- The Little Crossroads Team -- The Clutch -- The Coliseum Darlings -- A Vision and an Oath -- The Homecoming -- The Land between Rivers -- The Boys from Graves County -- Little Cuba, Hub of the Universe -- Doodle Floyd -- Howie Crittenden -- The Migration -- The Tragedy -- Mischief Makers -- Jack Story -- Sowing the Seeds -- Preparing to Win -- Skull Sessions -- Unforgettable Cayce -- Different Encounters -- Pride before Another Fall -- The Season of Joy and Sorrow -- Cubs Turning into Lions -- Lexington, Here We Come! -- The Little Comeback Team -- A Memorable Year : 1952. 
520 |a In 1952, just one year after Coach Adolph Rupp's University of Kentucky Wildcats won their third national championship in four years, an unlikely high school basketball team from rural Graves County, Kentucky, stole the spotlight and the media's attention. Inspired by young coach Jack Story and by the Harlem Globetrotters, the Cuba Cubs grabbed headlines when they rose from relative obscurity to defeat the big-city favorite and win the state championship. A classic underdog tale, this book chronicles how five boys from a tiny high school in southwestern Kentucky captured the hearts. 
588 |a Description based on print version record. 
610 2 7 |a Cuba Cubs (Basketball team)  |2 fast  |0 (OCoLC)fst00744183 
610 2 0 |a Cuba Cubs (Basketball team)  |x History. 
650 7 |a School sports.  |2 fast  |0 (OCoLC)fst01107817 
650 7 |a Basketball.  |2 fast  |0 (OCoLC)fst00828203 
650 7 |a HISTORY  |z United States  |x State & Local  |x General.  |2 bisacsh 
650 7 |a TRAVEL  |x Special Interest  |x Sports.  |2 bisacsh 
650 7 |a SPORTS & RECREATION  |x Reference.  |2 bisacsh 
650 7 |a SPORTS & RECREATION  |x History.  |2 bisacsh 
650 7 |a SPORTS & RECREATION  |x Essays.  |2 bisacsh 
650 7 |a SPORTS & RECREATION  |x Business Aspects.  |2 bisacsh 
650 7 |a GAMES  |x Gambling  |x Sports.  |2 bisacsh 
650 6 |a Sports scolaires  |z Kentucky  |x Histoire. 
650 0 |a School sports  |z Kentucky  |x History. 
650 0 |a Basketball  |z Kentucky  |x History. 
651 7 |a Kentucky.  |2 fast  |0 (OCoLC)fst01204494 
655 7 |a History.  |2 fast  |0 (OCoLC)fst01411628 
655 0 |a Electronic book. 
655 7 |a Electronic books.   |2 local 
710 2 |a Project Muse.  |e distributor 
830 0 |a Book collections on Project MUSE. 
856 4 0 |z Texto completo  |u https://projectmuse.uam.elogim.com/book/26982/ 
945 |a Project MUSE - Custom Collection 
945 |a Project MUSE - 2013 US Regional Studies, South 
945 |a Project MUSE - 2013 Complete